Các dạng bài tập thực hành địa lí 11

Saved in:
Bibliographic Details
Main Author: Lê, Thí
Format: Book
Language:Undetermined
Published: Hà Nội Giáo dục Việt Nam 2009
Subjects:
Tags: Add Tag
No Tags, Be the first to tag this record!
Institutions: Trung tâm Học liệu Trường Đại học Cần Thơ
LEADER 00636nam a2200205Ia 4500
001 CTU_185319
008 210402s9999 xx 000 0 und d
020 |c 12500 
082 |a 910.76 
082 |b Th300 
100 |a Lê, Thí 
245 0 |a Các dạng bài tập thực hành địa lí 11 
245 0 |c Lê Thí, Hồ Quốc Chính 
260 |a Hà Nội 
260 |b Giáo dục Việt Nam 
260 |c 2009 
650 |a Geography,Địa lí 
650 |x Study and teaching (Secondary),Dạy và học (trung học) 
904 |i Hải 
980 |a Trung tâm Học liệu Trường Đại học Cần Thơ